Judgment and reasoning in the child / (Record no. 28941)
[ view plain ]
| 000 -LEADER | |
|---|---|
| fixed length control field | 01072nam a2200301 a 4500 |
| 001 - CONTROL NUMBER | |
| control field | 28941 |
| 003 - CONTROL NUMBER IDENTIFIER | |
| rucl marc code | BD-RjUL |
| 005 - DATE AND TIME OF LATEST TRANSACTION | |
| control field | 20211209051342.0 |
| 008 - FIXED-LENGTH DATA ELEMENTS--GENERAL INFORMATION | |
| fixed length control field | 140401r19511928enk 001 0 eng d |
| 035 ## - SYSTEM CONTROL NUMBER | |
| System control number | oxf98205560 |
| System control number | BD-RjUL29025 |
| 040 ## - CATALOGING SOURCE | |
| Original cataloging agency | OKU |
| Transcribing agency | OKU |
| Language of cataloging | eng |
| Modifying agency | BD-RjUL |
| 041 1# - LANGUAGE CODE | |
| Language code of text/sound track or separate title | eng |
| Language code of original | fre |
| 082 04 - DEWEY DECIMAL CLASSIFICATION NUMBER | |
| Classification number | 136.7 |
| Author mark and year | PIJ 1951 |
| 100 1# - MAIN ENTRY--PERSONAL NAME | |
| Personal name | Piaget, Jean, |
| Dates associated with a name | 1896-1980 |
| 9 (RLIN) | 3700 |
| 245 10 - TITLE STATEMENT | |
| Title | Judgment and reasoning in the child / |
| Statement of responsibility, etc. | by Jean Piaget ; in collaboration with E. Cartalis ... [et al.] |
| 260 ## - PUBLICATION, DISTRIBUTION, ETC. (IMPRINT) | |
| Place of publication, distribution, etc. | London : |
| Name of publisher, distributor, etc. | Routledge & Kegan Paul, |
| Date of publication, distribution, etc. | 1951. |
| 300 ## - PHYSICAL DESCRIPTION | |
| Pagination | viii, 260 p. ; |
| Size | 22 cm. |
| 500 ## - GENERAL NOTE | |
| General note | "Translated by Marjorie Warden" [pseud.] |
| General note | Originally published: London : Kegan Paul, Trench, Trubner, 1928 |
| 504 ## - BIBLIOGRAPHY, ETC. NOTE | |
| Bibliography, etc | Includes bibliographical references and index |
| 650 #0 - SUBJECT ADDED ENTRY--TOPICAL TERM | |
| Topical term or geographic name as entry element | Reasoning (Psychology) |
| 9 (RLIN) | 5685 |
| Topical term or geographic name as entry element | Child psychology |
| 9 (RLIN) | 3848 |
| Topical term or geographic name as entry element | Child development |
| 9 (RLIN) | 5451 |
| 700 1# - ADDED ENTRY--PERSONAL NAME | |
| Personal name | Gabain, Marjorie. |
| 830 #0 - SERIES ADDED ENTRY--UNIFORM TITLE | |
| Uniform title | International library of psychology, philosophy, and scientific method |
| 942 ## - ADDED ENTRY ELEMENTS (KOHA) | |
| Source of classification or shelving scheme | Dewey Decimal Classification |
| Koha item type | Books |
| Lost status | Source of classification or shelving scheme | Damaged status | Not for loan | Permanent Location | Current Location | Shelving location | Date acquired | Source of acquisition | Cost, normal purchase price | Total Checkouts | Full call number | Date last seen | Copy number | Koha item type |
|---|---|---|---|---|---|---|---|---|---|---|---|---|---|---|
| Dewey Decimal Classification | Added to bundle | Central Library, University of Rajshahi | Central Library, University of Rajshahi | Reading Room | 26/01/1956 | Sweets & Zeitlinger | 18.00 | 136.7 PIJ 1951 | 01/04/2014 | C-1 | Books |